| 000 | 00789nam a2200205Ia 4500 | ||
|---|---|---|---|
| 001 | 79053 | ||
| 003 | 155085 | ||
| 005 | 20250928062549.0 | ||
| 008 | ||||||n9999 ||| || || | ||
| 245 | 0 | _aParticipación comunitaria en la identificación y solución de sus necesidades ante la junta administradora local del municipio de Yopal | |
| 562 | _e1 | ||
| 650 | 0 |
_aAdministración local _94341 |
|
| 650 |
_aESPECIALIZACIÓN EN GESTIÓN PÚBLICA--TESIS Y DISERTACIONES ACADÉMICAS _911969 |
||
| 650 |
_aGESTION SOCIAL _983496 |
||
| 650 | 0 |
_aJuntas Administradoras Locales _912022 |
|
| 650 |
_aPARTICIPACIÓN COMUNITARIA--PUPIALES (NARIÑO, COLOMBIA) _912611 |
||
| 650 |
_aTESIS Y DISERTACIONES ACADÉMICAS _9100509 |
||
| 650 |
_aYOPAL, CASANARE (COLOMBIA) _937970 |
||
| 942 | _cTESIS | ||
| 999 |
_c79053 _d79053 |
||